[Event "FICGS rapid D 000088 email"]
[Site "FICGS email"]
[Date "2015.01.01"]
[Round "1"]
[White "Beeck, Tim"]
[Black "Selalmazidis, Arsenis"]
[Result "0-1"]
[WhiteElo "1300"]
[BlackElo "1344"]
[PlyCount "22"]
[EventDate "2015.??.??"]
[EventType "tourn (rapid)"]
[EventRounds "5"]
[SourceTitle "Corr 2022"]
[Source "ChessBase"]
[SourceDate "2021.10.24"]
[SourceVersion "1"]
[SourceVersionDate "2021.10.24"]
[SourceQuality "1"]

1. d4 Nf6 2. Nf3 e6 3. Bg5 c5 4. e3 d5 5. c3 Nc6 6. Nbd2 h6 7. Bh4 Be7 8. Bd3 0-0 9. Ne5 Nxe5 10. dxe5 Nd7 11. Bxe7 Qxe7 0-1

[Event "FICGS rapid D 000088 email"]
[Site "FICGS email"]
[Date "2015.01.01"]
[Round "1"]
[White "Selalmazidis, Arsenis"]
[Black "Pechova, Hana"]
[Result "1-0"]
[WhiteElo "1344"]
[BlackElo "1333"]
[PlyCount "31"]
[EventDate "2015.??.??"]
[EventType "tourn (rapid)"]
[EventRounds "5"]
[SourceTitle "Corr 2022"]
[Source "ChessBase"]
[SourceDate "2021.10.24"]
[SourceVersion "1"]
[SourceVersionDate "2021.10.24"]
[SourceQuality "1"]

1. e4 c5 2. Nf3 d6 3. d4 cxd4 4. Nxd4 Nf6 5. Nc3 a6 6. Bg5 e6 7. Qd2 Be7 8. 0-0-0 b5 9. a3 Bb7 10. f3 Nbd7 11. Be2 0-0 12. g4 d5 13. exd5 Nxd5 14. Bxe7 Qxe7 15. Ne4 Rac8 16. Kb1 1-0

[Event "FICGS rapid D 000088 email"]
[Site "FICGS email"]
[Date "2015.01.01"]
[Round "1"]
[White "Strohmeier, Josef"]
[Black "Selalmazidis, Arsenis"]
[Result "0-1"]
[WhiteElo "1396"]
[BlackElo "1344"]
[PlyCount "80"]
[EventDate "2015.??.??"]
[EventType "tourn (rapid)"]
[EventRounds "5"]
[SourceTitle "Corr 2022"]
[Source "ChessBase"]
[SourceDate "2021.10.24"]
[SourceVersion "1"]
[SourceVersionDate "2021.10.24"]
[SourceQuality "1"]

1. e4 c5 2. Nf3 d6 3. d4 cxd4 4. Nxd4 Nf6 5. Nc3 a6 6. Bg5 e5 7. Nb3 Be6 8. Qd2 Nbd7 9. 0-0-0 Qc7 10. Kb1 Be7 11. f3 0-0 12. g4 b5 13. a3 Nb6 14. h4 Rac8 15. Bxf6 gxf6 16. g5 f5 17. Bd3 f4 18. Rdg1 Kh8 19. h5 Rg8 20. g6 h6 21. Bf1 d5 22. Bd3 d4 23. Ne2 Nc4 24. Qe1 Ne3 25. Qd2 Nc4 26. Qe1 Ne3 27. Qd2 fxg6 28. hxg6 Kg7 29. Rh5 Qd6 30. Nbc1 Bg5 31. Rgh1 Kxg6 32. Ng1 Kg7 33. Nh3 Bf7 34. Nxg5 Bxh5 35. Rxh5 hxg5 36. Rxg5+ Kf6 37. Rxg8 Rxg8 38. Qh2 Rg6 39. Nb3 Kg7 40. Na5 Qc7 0-1

[Event "FICGS class D 000142 email"]
[Site "FICGS email"]
[Date "2010.02.13"]
[Round "1"]
[White "Makosiej, Wladyslaw"]
[Black "Selalmazidis, Arsenis"]
[Result "1-0"]
[WhiteElo "1534"]
[BlackElo "1451"]
[PlyCount "25"]
[EventDate "2010.??.??"]
[EventType "tourn (corr)"]
[EventRounds "6"]
[SourceTitle "Corr 2013"]
[Source "ChessBase"]
[SourceDate "2012.11.12"]
[SourceVersion "1"]
[SourceVersionDate "2012.11.12"]
[SourceQuality "1"]

1. c4 e5 2. Nc3 Nf6 3. Nf3 Nc6 4. g3 d5 5. cxd5 Nxd5 6. Bg2 Nb6 7. 0-0 Be7 8. a3 0-0 9. b4 a6 10. d3 Be6 11. Ne4 a5 12. b5 Nd4 13. Be3 1-0

[Event "FICGS class C 000070 email"]
[Site "FICGS email"]
[Date "2009.02.25"]
[Round "1"]
[White "Selalmazidis, Arsenis"]
[Black "Kalchev, Borislav"]
[Result "0-1"]
[WhiteElo "1841"]
[BlackElo "1800"]
[PlyCount "24"]
[EventDate "2009.??.??"]
[EventType "tourn (corr)"]
[EventRounds "1"]
[SourceTitle "Corr 2022"]
[Source "ChessBase"]
[SourceDate "2021.10.24"]
[SourceVersion "1"]
[SourceVersionDate "2021.10.24"]
[SourceQuality "1"]

1. d4 Nf6 2. c4 e6 3. Nc3 Bb4 4. e3 0-0 5. Nf3 b6 6. Bd3 Bb7 7. 0-0 Bxc3 8. bxc3 d6 9. Nd2 Qd7 10. Rb1 c5 11. e4 Nc6 12. Nf3 h6 0-1

[Event "FICGS class C 000070 email"]
[Site "FICGS email"]
[Date "2009.02.25"]
[Round "1"]
[White "Tanda, Giovanni"]
[Black "Selalmazidis, Arsenis"]
[Result "1-0"]
[WhiteElo "1854"]
[BlackElo "1841"]
[PlyCount "31"]
[EventDate "2009.??.??"]
[EventType "tourn (corr)"]
[EventRounds "1"]
[SourceTitle "Corr 2022"]
[Source "ChessBase"]
[SourceDate "2021.10.24"]
[SourceVersion "1"]
[SourceVersionDate "2021.10.24"]
[SourceQuality "1"]

1. d4 d5 2. Nf3 Nf6 3. Bf4 e6 4. e3 Bd6 5. Bg3 0-0 6. Nbd2 b6 7. Bd3 Bb7 8. 0-0 c5 9. c3 Nc6 10. Qe2 Rc8 11. Ne5 Bxe5 12. dxe5 Nd7 13. f4 f6 14. e4 fxe5 15. exd5 exd5 16. fxe5 1-0

[Event "FICGS W-ch st1 g15 email"]
[Site "FICGS email"]
[Date "2009.02.22"]
[Round "1"]
[White "Kepinski, Janusz"]
[Black "Selalmazidis, Arsenis"]
[Result "1-0"]
[WhiteElo "1639"]
[BlackElo "1841"]
[PlyCount "33"]
[EventDate "2009.??.??"]
[EventType "tourn (corr)"]
[EventRounds "8"]
[SourceTitle "Corr 2022"]
[Source "ChessBase"]
[SourceDate "2021.10.24"]
[SourceVersion "1"]
[SourceVersionDate "2021.10.24"]
[SourceQuality "1"]

1. c4 c6 2. d4 d5 3. e3 Nf6 4. Nf3 e6 5. Be2 dxc4 6. Bxc4 b5 7. Bb3 Bb7 8. 0-0 Nbd7 9. Nc3 b4 10. Na4 Be7 11. Re1 c5 12. dxc5 Nxc5 13. Nxc5 Bxc5 14. Bd2 0-0 15. Qe2 Qb6 16. Rac1 Rac8 17. h3 1-0

[Event "FICGS class C 000063 email"]
[Site "FICGS email"]
[Date "2008.11.29"]
[Round "1"]
[White "Groves, Don"]
[Black "Selalmazidis, Arsenis"]
[Result "1-0"]
[WhiteElo "1872"]
[BlackElo "1834"]
[PlyCount "69"]
[EventDate "2008.??.??"]
[EventType "tourn (corr)"]
[EventRounds "1"]
[SourceTitle "Corr 2022"]
[Source "ChessBase"]
[SourceDate "2021.10.24"]
[SourceVersion "1"]
[SourceVersionDate "2021.10.24"]
[SourceQuality "1"]

1. e4 d5 2. exd5 Qxd5 3. Nc3 Qd6 4. d4 Nf6 5. Bc4 c6 6. Nge2 b5 7. Bd3 e6 8. 0-0 Be7 9. Bf4 Qd8 10. a4 b4 11. Ne4 Nxe4 12. Bxe4 Bb7 13. Be5 0-0 14. Qd3 h6 15. Qg3 Bf6 16. Bxf6 Qxf6 17. c3 a5 18. Qc7 Bc8 19. Ng3 Qd8 20. Qf4 Ba6 21. Rfe1 Bc4 22. Rac1 Bb3 23. c4 Bxa4 24. Qe3 Qd6 25. b3 f5 26. Bc2 f4 27. Qe4 fxg3 28. Qh7+ Kf7 29. hxg3 Bxb3 30. Bxb3 c5 31. Bd1 Qxd4 32. Re4 Qb2 33. Bh5+ Ke7 34. Rd1 Ra6 35. Rg4 1-0

[Event "FICGS class C 000060 email"]
[Site "FICGS email"]
[Date "2008.10.27"]
[Round "1"]
[White "Suhodolov, Dmitry"]
[Black "Selalmazidis, Arsenis"]
[Result "1-0"]
[WhiteElo "1800"]
[BlackElo "1880"]
[PlyCount "45"]
[EventDate "2008.??.??"]
[EventType "tourn (corr)"]
[EventRounds "1"]
[SourceTitle "Corr 2022"]
[Source "ChessBase"]
[SourceDate "2021.10.24"]
[SourceVersion "1"]
[SourceVersionDate "2021.10.24"]
[SourceQuality "1"]

1. d4 Nf6 2. c4 e6 3. Nc3 d5 4. cxd5 exd5 5. Bg5 Be7 6. e3 Bf5 7. Bxf6 Bxf6 8. Qb3 c6 9. Qxb7 Qb6 10. Qxb6 axb6 11. Rc1 0-0 12. Nf3 b5 13. a3 Nd7 14. Na2 Be7 15. Be2 Rfb8 16. 0-0 b4 17. Nxb4 Bxb4 18. axb4 Ra2 19. Rxc6 Rxb2 20. Ba6 R2xb4 21. Rc7 Kf8 22. h3 Ke8 23. Rfc1 1-0

[Event "FICGS rapid B 000098 email"]
[Site "FICGS email"]
[Date "2008.08.13"]
[Round "1"]
[White "Selalmazidis, Arsenis"]
[Black "Ruslin, Alexey"]
[Result "1-0"]
[WhiteElo "1764"]
[BlackElo "1700"]
[PlyCount "63"]
[EventDate "2008.??.??"]
[EventType "tourn (rapid)"]
[EventRounds "6"]
[SourceTitle "Corr 2022"]
[Source "ChessBase"]
[SourceDate "2021.10.24"]
[SourceVersion "1"]
[SourceVersionDate "2021.10.24"]
[SourceQuality "1"]

1. d4 e6 2. e4 b6 3. Bd3 Bb7 4. Nf3 Nf6 5. e5 Nd5 6. c3 c5 7. 0-0 Nc6 8. Bg5 Be7 9. Bxe7 Qxe7 10. Nbd2 0-0 11. Ne4 cxd4 12. cxd4 a5 13. a3 f6 14. Rc1 Ba6 15. Bxa6 Rxa6 16. Re1 Ra7 17. Qa4 Rc7 18. exf6 Nxf6 19. Nc3 Qf7 20. Nb5 Nd5 21. Nxc7 Nxc7 22. Qc2 Nd5 23. Qd2 Qf6 24. Ne5 Nxe5 25. dxe5 Qf7 26. Qd4 Qf4 27. Qe4 Qxf2+ 28. Kh1 Qxb2 29. Rf1 Qxa3 30. Rxf8+ Qxf8 31. Qa4 Qf7 32. Rc8+ 1-0

[Event "FICGS W-ch st1 g14 email"]
[Site "FICGS email"]
[Date "2008.07.08"]
[Round "1"]
[White "Plant, Kevin D"]
[Black "Selalmazidis, Arsenis"]
[Result "1-0"]
[WhiteElo "2112"]
[BlackElo "1764"]
[PlyCount "65"]
[EventDate "2008.??.??"]
[EventType "tourn (corr)"]
[EventRounds "8"]
[SourceTitle "Corr 2022"]
[Source "ChessBase"]
[SourceDate "2021.10.24"]
[SourceVersion "1"]
[SourceVersionDate "2021.10.24"]
[SourceQuality "1"]

1. e4 e5 2. Nf3 d6 3. d4 exd4 4. Nxd4 Nf6 5. Nc3 Be7 6. Bf4 0-0 7. Be2 Re8 8. 0-0 a6 9. Qd2 Nc6 10. Rad1 h6 11. h3 Nxd4 12. Qxd4 Be6 13. Bg3 Nd7 14. f4 d5 15. Qd2 d4 16. Qxd4 Bc5 17. Qxc5 Nxc5 18. Rxd8 Raxd8 19. Bf2 Nxe4 20. Nxe4 Bf5 21. Ng3 Bxc2 22. Rc1 Bd3 23. Bf3 c6 24. Bb6 Rd7 25. Kf2 Bb5 26. Ba5 b6 27. Bc3 c5 28. b3 Red8 29. a4 Bd3 30. a5 b5 31. Nh5 c4 32. bxc4 bxc4 33. Nxg7 1-0

[Event "FICGS W-ch st1 g14 email"]
[Site "FICGS email"]
[Date "2008.07.08"]
[Round "1"]
[White "Selalmazidis, Arsenis"]
[Black "Denchev, Stanimir"]
[Result "1-0"]
[WhiteElo "1764"]
[BlackElo "1552"]
[PlyCount "55"]
[EventDate "2008.??.??"]
[EventType "tourn (corr)"]
[EventRounds "8"]
[SourceTitle "Corr 2022"]
[Source "ChessBase"]
[SourceDate "2021.10.24"]
[SourceVersion "1"]
[SourceVersionDate "2021.10.24"]
[SourceQuality "1"]

1. e4 e5 2. Nf3 Nc6 3. Bc4 Be7 4. 0-0 Nf6 5. Re1 d6 6. h3 0-0 7. d4 exd4 8. Nxd4 Re8 9. Nc3 Ne5 10. Bb3 a6 11. f4 Ng6 12. a4 Bf8 13. Qd3 Be6 14. Nxe6 fxe6 15. f5 Ne5 16. Qg3 Kh8 17. Bxe6 Rxe6 18. fxe6 Qe8 19. Nd5 Rc8 20. Nxf6 gxf6 21. Qb3 b6 22. Bf4 Qe7 23. Bxe5 fxe5 24. Rf1 Bg7 25. Rf7 Qg5 26. Qf3 Qg6 27. e7 Qh6 28. Rf1 1-0

[Event "FICGS W-ch st1 g14 email"]
[Site "FICGS email"]
[Date "2008.07.08"]
[Round "1"]
[White "Selalmazidis, Arsenis"]
[Black "Nichols, Scott"]
[Result "0-1"]
[WhiteElo "1764"]
[BlackElo "1872"]
[PlyCount "36"]
[EventDate "2008.??.??"]
[EventType "tourn (corr)"]
[EventRounds "8"]
[SourceTitle "Corr 2022"]
[Source "ChessBase"]
[SourceDate "2021.10.24"]
[SourceVersion "1"]
[SourceVersionDate "2021.10.24"]
[SourceQuality "1"]

1. e4 d6 2. d4 Nf6 3. Bd3 g6 4. c4 Bg7 5. Nc3 0-0 6. Nf3 c6 7. 0-0 Nbd7 8. h3 e5 9. d5 Nc5 10. Bc2 a5 11. Be3 cxd5 12. cxd5 Nh5 13. Qd2 b6 14. Ne1 Ba6 15. Nd3 Nf4 16. Bxc5 bxc5 17. Rfe1 Bxd3 18. Bxd3 Qg5 0-1

[Event "FICGS class D 000088 email"]
[Site "FICGS email"]
[Date "2008.05.10"]
[Round "1"]
[White "Kepinski, Janusz"]
[Black "Selalmazidis, Arsenis"]
[Result "1/2-1/2"]
[WhiteElo "1607"]
[BlackElo "1800"]
[PlyCount "113"]
[EventDate "2008.??.??"]
[EventType "tourn (corr)"]
[EventRounds "6"]
[SourceTitle "Corr 2022"]
[Source "ChessBase"]
[SourceDate "2021.10.24"]
[SourceVersion "1"]
[SourceVersionDate "2021.10.24"]
[SourceQuality "1"]

1. d4 Nf6 2. c4 c5 3. d5 e6 4. Nf3 exd5 5. cxd5 d6 6. Nc3 g6 7. e4 Bg7 8. Be2 0-0 9. 0-0 a6 10. a4 Re8 11. Bg5 Bg4 12. Qd2 Nbd7 13. h3 Bxf3 14. Bxf3 Qc7 15. Qf4 b6 16. Rfe1 Rab8 17. Rac1 b5 18. axb5 axb5 19. b4 c4 20. Ra1 Rb6 21. Rec1 h5 22. Ra5 Reb8 23. Qe3 Ne5 24. Be2 Nh7 25. Bf4 Qe7 26. Rc2 g5 27. Bxe5 dxe5 28. Rb2 h4 29. Qc5 Bf8 30. Rba2 Qxc5 31. bxc5 Bxc5 32. Rb2 Bd4 33. Raxb5 Rxb5 34. Rxb5 Rxb5 35. Nxb5 c3 36. Bd3 Nf6 37. Bc2 g4 38. Kf1 gxh3 39. gxh3 Nh5 40. Nd6 Nf4 41. Nf5 Nxh3 42. f3 Ng5 43. Nxh4 f6 44. Ke2 Nh3 45. Kd3 Kf8 46. Nf5 Nf4+ 47. Kc4 Ne2 48. Nxd4 Nxd4 49. Kxc3 Nxf3 50. Kc4 Ke7 51. Kc5 Nd4 52. d6+ Kd8 53. Bd3 Kd7 54. Kd5 Kd8 55. Bc4 Ke8 56. Bf1 Kd8 57. Bg2 1/2-1/2

[Event "FICGS class C 000080 email"]
[Site "FICGS email"]
[Date "2008.05.09"]
[Round "1"]
[White "Sadhukhan, Jyoti"]
[Black "Selalmazidis, Arsenis"]
[Result "0-1"]
[WhiteElo "1800"]
[BlackElo "1800"]
[PlyCount "20"]
[EventDate "2008.??.??"]
[EventType "tourn (corr)"]
[EventRounds "4"]
[SourceTitle "Corr 2022"]
[Source "ChessBase"]
[SourceDate "2021.10.24"]
[SourceVersion "1"]
[SourceVersionDate "2021.10.24"]
[SourceQuality "1"]

1. e4 e6 2. d4 d5 3. Nc3 Nf6 4. Bg5 Be7 5. Bxf6 Bxf6 6. e5 Be7 7. Nf3 c5 8. Bb5+ Bd7 9. Bxd7+ Qxd7 10. 0-0 Nc6 0-1